00271nam a2200109Ia 4500008004100000100002000041245003700061250000900098260003800107300000800145650000800153191201s2009 xx 000 0 und d aGAONKAR, Ramesh 0aMicroprocessor Architecture .... aRep. c2009bPenram Interne pubgaMumbai a820 aCSE